Dil's new algebra (Record no. 194796)
[ view plain ]
| 000 -LEADER | |
|---|---|
| fixed length control field | 00717 a2200157 4500 |
| 003 - CONTROL NUMBER IDENTIFIER | |
| control field | Nust |
| 005 - DATE AND TIME OF LATEST TRANSACTION | |
| control field | 20170207154204.0 |
| 040 ## - CATALOGING SOURCE | |
| Transcribing agency | Nust |
| 082 ## - DEWEY DECIMAL CLASSIFICATION NUMBER | |
| Classification number | 512 |
| 100 ## - MAIN ENTRY--PERSONAL NAME | |
| Personal name | Mohammad, Kh. Dil |
| 245 ## - TITLE STATEMENT | |
| Title | Dil's new algebra |
| Statement of responsibility, etc. | Dil Mohammad |
| 260 ## - PUBLICATION, DISTRIBUTION, ETC. | |
| Place of publication, distribution, etc. | Lahore |
| Name of publisher, distributor, etc. | Khwaja Book Depot |
| Date of publication, distribution, etc. | 1957 |
| 300 ## - PHYSICAL DESCRIPTION | |
| Extent | 572 p. |
| 505 ## - FORMATTED CONTENTS NOTE | |
| Formatted contents note | Generalized Arithmetic Substitution (Page-1), Positive And Negative Quantities (Page-10), Addition, Subscription And Brackers (Page-18), Multiplication (Page-34), Division (Page-55), Simple Equations (Page-75), Fractions (Page-172), Involution And Evolution (Page-279), Remainder Theorem (Page-320), Elimination (Page-393), Problems (Page-428), Variation (Page-476), Graphs (Page-489). |
| 650 ## - SUBJECT ADDED ENTRY--TOPICAL TERM | |
| Topical term or geographic name entry element | Algebra |
| 942 ## - ADDED ENTRY ELEMENTS (KOHA) | |
| Source of classification or shelving scheme | |
| Koha item type | Book |
| Withdrawn status | Lost status | Source of classification or shelving scheme | Damaged status | Not for loan | Collection code | Permanent Location | Current Location | Date acquired | Total Checkouts | Full call number | Barcode | Date last seen | Price effective from | Koha item type |
|---|---|---|---|---|---|---|---|---|---|---|---|---|---|---|
| Military College of Signals (MCS) | Military College of Signals (MCS) | 12/12/2016 | 512 MOH | MCS22159 | 12/08/2016 | 12/12/2016 | Book |
